Catálogo
 En Linea

La gitanilla / (Registro nro. 38602)

Detalles MARC
000 -CABECERA
campo de control de longitud fija 00624nam a2200205 a 4500
001 - NÚMERO DE CONTROL
campo de control 000039112
005 - FECHA Y HORA DE LA ÚLTIMA TRANSACCIÓN
campo de control 20240503073631.0
008 - DATOS DE LONGITUD FIJA--INFORMACIÓN GENERAL
campo de control de longitud fija 090713s20uu sp 000 0 spa d
020 ## - NÚMERO INTERNACIONAL ESTÁNDAR DEL LIBRO
Número Internacional Estándar del Libro 8471753111
040 ## - FUENTE DE LA CATALOGACIÓN
Centro catalogador/agencia de origen DO-SdBNP
-- spa
Centro/agencia transcriptor BNPHU
082 ## - NÚMERO DE LA CLASIFICACIÓN DECIMAL DEWEY
Número de clasificación 863.3
Número de documento/Ítem C419g
100 1# - ENTRADA PRINCIPAL--NOMBRE DE PERSONA
Nombre de persona Cervantes Saavedra, Miguel de,
Fechas asociadas al nombre 1547-1616
9 (RLIN) 3070
245 13 - MENCIÓN DE TÍTULO
Título La gitanilla /
Mención de responsabilidad, etc. Miguel de Cervantes Saavedra.
260 ## - PUBLICACIÓN, DISTRIBUCIÓN, ETC.
Lugar de publicación, distribución, etc. [Barcelona :
Nombre del editor, distribuidor, etc. s.n.,
Fecha de publicación, distribución, etc. 19o?].
300 ## - DESCRIPCIÓN FÍSICA
Extensión 121 p. ;
Dimensiones 17 cm.
440 #0 - MENCIÓN DE SERIE/PUNTO DE ACCESO ADICIONAL--TÍTULO
Título Clásicos universales
9 (RLIN) 266
650 #4 - PUNTO DE ACCESO ADICIONAL DE MATERIA--TÉRMINO DE MATERIA
Término de materia o nombre geográfico como elemento de entrada Novela española.
9 (RLIN) 1123
650 #4 - PUNTO DE ACCESO ADICIONAL DE MATERIA--TÉRMINO DE MATERIA
Término de materia o nombre geográfico como elemento de entrada Literatura española.
9 (RLIN) 632
830 #0 - PUNTO DE ACCESO ADICIONAL DE SERIE-TÍTULO UNIFORME
Título uniforme Clásicos universales
9 (RLIN) 266
Existencias
Estado de retiro Estado de pérdida Restricciones de uso No para préstamo Código de colección Localización permanente Ubicación/localización actual Ubicación en estantería Fecha de adquisición Número de inventario Total de préstamos Signatura topográfica completa Código de barras Fecha visto por última vez Número de copia Precio válido a partir de Tipo de ítem Koha
      Excluido de préstamo Monografías: Libros y Folletos General General En catalogación 22.05.2013 LF1   863.3 C419g 39112-10 25.06.2020 e. 2 25.06.2020 No se presta
    Préstamo restringido   Monografías: Libros y Folletos General General Depósito 22.05.2013 LF1   863.3 C419g 39112-20 25.06.2020   25.06.2020 Préstamo restringido
      Excluido de préstamo Monografías: Libros y Folletos General General En catalogación 22.05.2013 LF1   863.3 C419g 39112-30 25.06.2020 e. 3 25.06.2020 No se presta

Con tecnología Koha